| 000 | 00520 a2200181 4500 | ||
|---|---|---|---|
| 003 | OSt | ||
| 005 | 20231214153455.0 | ||
| 008 | 231214b |||||||| |||| 00| 0 eng d | ||
| 020 | _a9789393468130 | ||
| 040 | _coclc | ||
| 082 |
_a894.8128 _bSUD/F |
||
| 100 |
_aSudhakaran, C B _97804 |
||
| 245 |
_aFredric Jameson / _cSudhakaran C.B. |
||
| 250 | _a1st ed. | ||
| 260 |
_bChintha Publishers, _aThiruvananthapuram: _c2021. |
||
| 300 | _a224p. | ||
| 942 |
_2ddc _cBK _h894.8128 _k894.8128 _iSUD/F _mSUD/F |
||
| 999 |
_c44120 _d44120 |
||